000 01176pam a2200337 a 4500
001 1069587
003 OSt
005 20260216094816.0
008 910313s1991 mnu b 000 0 eng
010 _a 91013455
020 _a0800625099 (alk. paper) :
_c$9.95
020 _a9780800625092
035 _a1069587
040 _aDLC
_cDLC
_dDLC
050 0 0 _aBV4011
_b.T38 1991
082 0 0 _a253.5
_220
100 1 _aTaylor, Charles W.,
_d1937-
245 1 4 _aThe skilled pastor :
_bcounseling as the practice of theology /
_cCharles W. Taylor.
260 _aMinneapolis :
_bFortress Press,
_cc1991.
300 _axiii, 144 p. ;
_c22 cm.
336 _atext
_btxt
_2rdacontent
337 _aunmediated
_bn
_2rdamedia
338 _avolume
_bnc
_2rdacarrier
504 _aIncludes bibliographical references (p. 143-144).
650 0 _aPastoral theology.
650 0 _aPastoral counseling.
906 _a7
_bcbc
_corignew
_d1
_eocip
_f19
_gy-gencatlg
942 _2lcc
_cBK
999 _c21250
_d21249